| 000 | 00689nas a2200229 4500 | ||
|---|---|---|---|
| 001 | BR0807398 | ||
| 003 | BR-BrBNA | ||
| 005 | 20231205112226.0 | ||
| 007 | ta | ||
| 008 | 230509b bl.|||p| |||| 00| 00por d | ||
| 040 |
_aBR-BrBNA _bpor _cBiblioteca Nacional de Agricultura |
||
| 041 | _a(Pt) | ||
| 072 | _aH20 | ||
| 100 | 1 | _aHinz, R.H. | |
| 245 | 1 | _aManejo integrado das doenças e produção integrada de bananas | |
| 650 | _aBANANA | ||
| 650 | _aDOENÇA DE PLANTA | ||
| 650 | _aCONTROLE INTEGRADO | ||
| 773 | 0 |
_tFitopatologia Brasileira (Brazil) _xISSN 0100-4158 _g(Aug 2003), v. 28(suppl.) p. 61-63 _wBR0807398 |
|
| 909 |
_a202311 _bLúcia _c55 _dLúcia Elande |
||
| 942 |
_2AGRIS _n0 _cANA |
||
| 999 |
_c196837 _d196837 |
||